Body parts, largest and smallest - Statistics

General Stats
  • This quiz has been taken 1,226 times
  • The average score is 6 of 19
Answer Stats
Hint Answer % Correct
Largest organ of the body Skin
91%
Largest bone Femur
81%
Largest organ inside the body Liver
79%
Largest blood vessel Aorta
47%
Smallest bone Stapes
36%
Strongest muscle Masseter
35%
Largest muscle Gluteus maximus
33%
Largest nerve Sciatic nerve
24%
Largest human cell Ovum
22%
Largest vein Vena cava
21%
Thickest and strongest tendon Achilles
20%
Smallest human cell Spermatozoon
16%
Longest muscle Sartorius
15%
Smallest organ Pineal Gland
11%
Largest cranial nerve Trigeminal
8%
Smallest muscle Stapedius
7%
Longest vein Great saphenous vein
5%
Smallest cranial nerve Trochlear
4%
Longest named muscle in the body Levator labii superioris alaeque nasi muscle
2%
No matching quizzes found
Score Distribution
Percent of People with Each Score
Percentile by Number Answered
Your Score History
You have not taken this quiz